|
|
|
|
| LEADER |
01004nab a2200241 i 4500 |
| 001 |
misc64372 |
| 005 |
20230605145416.0 |
| 008 |
230526s1970 hu o 0|| tur d |
| 040 |
|
|
|a SZTE Miscellanea Repozitórium
|b hun
|
| 041 |
|
|
|a tur
|
| 100 |
1 |
|
|a Rásonyi László
|
| 245 |
1 |
0 |
|a Türklerin dostları
|h [elektronikus dokumentum] :
|b Armin Vámbéry : 19. III. 1832 - 15. IX. 1913 /
|c Rásonyi László
|
| 260 |
|
|
|a Türk Kültürünü Araştırma Enstitütüsü
|b Ankara
|c 1970
|
| 300 |
|
|
|a 276-279
|c 24 cm
|
| 300 |
|
|
|a [4] p.
|c 24 cm
|
| 490 |
0 |
|
|a Türk kültürü
|
| 561 |
|
|
|a Németh Gyula hagyaték
|
| 591 |
|
|
|a NOA 4834
|
| 650 |
|
4 |
|a Bölcsészettudományok
|
| 650 |
|
4 |
|a Történettudomány és régészet
|
| 650 |
|
4 |
|a Nyelvek és irodalom
|
| 695 |
|
|
|a Vámbéry Ármin, Földrajzi felfedezések - magyar - 19-20. sz. - életrajz, Turkológia, Keletkutatás - magyar - 19-20. sz. - életrajz
|
| 856 |
4 |
0 |
|u http://misc.bibl.u-szeged.hu/64372/1/4834_noa.pdf
|z Dokumentum-elérés
|